[Event "Blitz 2018"]
[Site "Saint-Petersburg"]
[Date "2018.12.29"]
[Round "4"]
[Board "80"]
[White "Gurvich Vitaly (RUS)"]
[Black "Kryakvin Dmitry (RUS)"]
[Result "1/2-1/2"]
[LiveChessVersion "1.4.8"]
[BlackElo "2536"]
[WhiteElo "2302"]

1. c4 {[%clk 0:03:02]} Nf6 {[%clk 0:03:01]} 2. Nc3 {[%clk 0:03:03]} c6
{[%clk 0:03:01]} 3. Nf3 {[%clk 0:03:01]} d5 {[%clk 0:03:02]} 4. e3
{[%clk 0:03:02]} g6 {[%clk 0:03:03]} 5. cxd5 {[%clk 0:02:47]} cxd5
{[%clk 0:03:03]} 6. Bb5+ {[%clk 0:02:47]} Bd7 {[%clk 0:03:02]} 7. Qb3
{[%clk 0:02:43]} Bxb5 {[%clk 0:02:35]} 8. Qxb5+ {[%clk 0:02:39]} Qd7
{[%clk 0:02:37]} 9. Ne5 {[%clk 0:02:18]} Qxb5 {[%clk 0:02:37]} 10. Nxb5
{[%clk 0:02:19]} Na6 {[%clk 0:02:39]} 11. d4 {[%clk 0:02:17]} Nd7
{[%clk 0:02:25]} 12. Nxd7 {[%clk 0:02:12]} Kxd7 {[%clk 0:02:26]} 13. Bd2
{[%clk 0:02:12]} Nc7 {[%clk 0:02:11]} 14. Nxc7 {[%clk 0:02:10]} Kxc7
{[%clk 0:02:12]} 15. Rc1+ {[%clk 0:02:11]} Kd7 {[%clk 0:02:13]} 16. Ke2
{[%clk 0:02:11]} e6 {[%clk 0:02:13]} 17. Kd3 {[%clk 0:02:11]} Bd6
{[%clk 0:02:13]} 18. h4 {[%clk 0:01:59]} h5 {[%clk 0:02:11]} 19. g3
{[%clk 0:02:00]} Rhc8 {[%clk 0:02:02]} 20. Rxc8 {[%clk 0:01:59]} Rxc8
{[%clk 0:02:03]} 21. Rc1 {[%clk 0:01:59]} Rxc1 {[%clk 0:01:53]} 22. Bxc1
{[%clk 0:02:00]} f6 {[%clk 0:01:53]} 23. f4 {[%clk 0:01:11]} e5 {[%clk 0:01:51]}
24. Bd2 {[%clk 0:01:06]} Ke6 {[%clk 0:01:52]} 25. Ke2 {[%clk 0:00:57]} Kf5
{[%clk 0:01:50]} 26. Kf3 {[%clk 0:00:56]} e4+ {[%clk 0:01:46]} 27. Kf2
{[%clk 0:00:42]} Kg4 {[%clk 0:01:46]} 28. Kg2 {[%clk 0:00:43]} Be7
{[%clk 0:01:17]} 29. Be1 {[%clk 0:00:37]} g5 {[%clk 0:01:15]} 30. hxg5
{[%clk 0:00:29]} fxg5 {[%clk 0:01:15]} 31. fxg5 {[%clk 0:00:29]} Bxg5
{[%clk 0:01:16]} 32. Bd2 {[%clk 0:00:20]} Bh6 {[%clk 0:01:15]} 33. Bc1
{[%clk 0:00:19]} a6 {[%clk 0:01:11]} 34. Bd2 {[%clk 0:00:17]} Bg5
{[%clk 0:01:11]} 35. Bc1 {[%clk 0:00:15]} Bd8 {[%clk 0:01:06]} 36. Bd2
{[%clk 0:00:15]} Bc7 {[%clk 0:01:04]} 37. Be1 {[%clk 0:00:16]} Bd6
{[%clk 0:01:05]} 38. a3 {[%clk 0:00:11]} b6 {[%clk 0:00:50]} 39. a4
{[%clk 0:00:07]} a5 {[%clk 0:00:49]} 40. b3 {[%clk 0:00:07]} Bb8 {[%clk 0:00:48]}
41. Bf2 {[%clk 0:00:06]} Bc7 {[%clk 0:00:48]} 42. Be1 {[%clk 0:00:04]} Bd6
{[%clk 0:00:50]} 43. Bf2 {[%clk 0:00:03]} Bb4 {[%clk 0:00:51]} 44. Bg1
{[%clk 0:00:03]} Be1 {[%clk 0:00:51]} 45. Bh2 {[%clk 0:00:03]} Bc3
{[%clk 0:00:42]} 46. Bg1 {[%clk 0:00:04]} Bd2 {[%clk 0:00:37]} 47. Bf2
{[%clk 0:00:04]} Bc1 {[%clk 0:00:35]} 48. Bg1 {[%clk 0:00:05]} Ba3
{[%clk 0:00:28]} 49. Bf2 {[%clk 0:00:05]} Bb4 {[%clk 0:00:29]} 50. Bg1
{[%clk 0:00:05]} Be7 {[%clk 0:00:18]} 51. Bf2 {[%clk 0:00:03]} Bf6
{[%clk 0:00:17]} 52. Be1 {[%clk 0:00:04]} Bd8 {[%clk 0:00:15]} 53. Bf2
{[%clk 0:00:04]} Bg5 {[%clk 0:00:13]} 54. Bg1 {[%clk 0:00:04]} Bh6
{[%clk 0:00:10]} 55. Bf2 {[%clk 0:00:05]} Bf8 {[%clk 0:00:11]} 56. Be1
{[%clk 0:00:04]} Bb4 {[%clk 0:00:11]} 57. Bf2 {[%clk 0:00:04]} Ba3
{[%clk 0:00:09]} 58. Be1 {[%clk 0:00:04]} Bb2 {[%clk 0:00:09]} 59. Bf2
{[%clk 0:00:04]} Bc1 {[%clk 0:00:09]} 60. Bg1 {[%clk 0:00:04]} Bd2
{[%clk 0:00:07]} 61. Bf2 {[%clk 0:00:05]} 1/2-1/2

[Event "Blitz 2018"]
[Site "Saint-Petersburg"]
[Date "2018.12.29"]
[Round "4"]
[Board "81"]
[White "Pershin Denis (RUS)"]
[Black "Tukhaev Adam (UKR)"]
[Result "0-1"]
[LiveChessVersion "1.4.8"]
[BlackElo "2529"]
[WhiteElo "2354"]

1. d4 {[%clk 0:03:03]} g6 {[%clk 0:03:03]} 2. e4 {[%clk 0:03:04]} d6
{[%clk 0:03:03]} 3. Nc3 {[%clk 0:03:05]} Nf6 {[%clk 0:03:03]} 4. f4
{[%clk 0:03:06]} Bg7 {[%clk 0:03:04]} 5. Nf3 {[%clk 0:03:07]} O-O
{[%clk 0:03:04]} 6. a3 {[%clk 0:03:08]} Na6 {[%clk 0:02:57]} 7. e5
{[%clk 0:03:05]} Nd7 {[%clk 0:02:45]} 8. Ne4 {[%clk 0:02:45]} c5 {[%clk 0:02:40]}
9. c3 {[%clk 0:02:45]} cxd4 {[%clk 0:02:33]} 10. cxd4 {[%clk 0:02:46]} dxe5
{[%clk 0:02:32]} 11. fxe5 {[%clk 0:02:45]} Nb6 {[%clk 0:02:17]} 12. Bd3
{[%clk 0:02:33]} Bg4 {[%clk 0:02:14]} 13. Be3 {[%clk 0:02:24]} Nd5
{[%clk 0:02:14]} 14. Bd2 {[%clk 0:02:25]} Qb6 {[%clk 0:02:02]} 15. Bc3
{[%clk 0:02:16]} Nb8 {[%clk 0:01:45]} 16. h3 {[%clk 0:02:09]} Bxf3
{[%clk 0:01:44]} 17. Qxf3 {[%clk 0:02:10]} Nc6 {[%clk 0:01:45]} 18. Qf2
{[%clk 0:02:11]} Rad8 {[%clk 0:01:41]} 19. Nc5 {[%clk 0:01:40]} Nxc3
{[%clk 0:01:23]} 20. bxc3 {[%clk 0:01:41]} Nxe5 {[%clk 0:01:24]} 21. dxe5
{[%clk 0:01:36]} Rd5 {[%clk 0:01:25]} 22. Rb1 {[%clk 0:01:00]} Qxc5
{[%clk 0:01:24]} 23. Qxc5 {[%clk 0:01:01]} Rxc5 {[%clk 0:01:25]} 24. Rxb7
{[%clk 0:01:01]} Rxc3 {[%clk 0:01:19]} 25. Ke2 {[%clk 0:00:49]} Rxa3
{[%clk 0:00:34]} 26. Rxe7 {[%clk 0:00:49]} Ra5 {[%clk 0:00:35]} 27. Rb1
{[%clk 0:00:22]} Rxe5+ {[%clk 0:00:30]} 28. Rxe5 {[%clk 0:00:23]} Bxe5
{[%clk 0:00:32]} 29. Rb7 {[%clk 0:00:25]} Bd4 {[%clk 0:00:33]} 30. Bc4
{[%clk 0:00:26]} Kg7 {[%clk 0:00:34]} 31. g4 {[%clk 0:00:19]} h6 {[%clk 0:00:34]}
32. Kf3 {[%clk 0:00:17]} Bc5 {[%clk 0:00:35]} 33. h4 {[%clk 0:00:16]} a5
{[%clk 0:00:34]} 34. Rb5 {[%clk 0:00:14]} Bb4 {[%clk 0:00:35]} 35. Rb7
{[%clk 0:00:15]} Bc3 {[%clk 0:00:36]} 36. Ra7 {[%clk 0:00:16]} Bb4
{[%clk 0:00:36]} 37. g5 {[%clk 0:00:14]} hxg5 {[%clk 0:00:36]} 38. hxg5
{[%clk 0:00:16]} Bd2 {[%clk 0:00:37]} 39. Kg4 {[%clk 0:00:17]} a4
{[%clk 0:00:34]} 40. Rxa4 {[%clk 0:00:13]} Rd8 {[%clk 0:00:36]} 41. Ba2
{[%clk 0:00:09]} Rd7 {[%clk 0:00:28]} 42. Kh4 {[%clk 0:00:04]} Be1+
{[%clk 0:00:28]} 43. Kg4 {[%clk 0:00:06]} Bd2 {[%clk 0:00:28]} 44. Kh4
{[%clk 0:00:07]} Bc1 {[%clk 0:00:29]} 45. Kg4 {[%clk 0:00:08]} Be3
{[%clk 0:00:25]} 46. Kh4 {[%clk 0:00:08]} Rd1 {[%clk 0:00:25]} 47. Kg4
{[%clk 0:00:05]} Rg1+ {[%clk 0:00:26]} 48. Kf3 {[%clk 0:00:06]} Bxg5
{[%clk 0:00:27]} 49. Ra7 {[%clk 0:00:07]} Rf1+ {[%clk 0:00:28]} 50. Kg4
{[%clk 0:00:06]} Be3 {[%clk 0:00:28]} 51. Re7 {[%clk 0:00:07]} Bc5
{[%clk 0:00:29]} 52. Rc7 {[%clk 0:00:08]} Bd6 {[%clk 0:00:29]} 53. Rd7
{[%clk 0:00:09]} Rf4+ {[%clk 0:00:29]} 54. Kg5 {[%clk 0:00:09]} Rf5+
{[%clk 0:00:30]} 55. Kg4 {[%clk 0:00:10]} Ba3 {[%clk 0:00:30]} 56. Ra7
{[%clk 0:00:08]} Bc1 {[%clk 0:00:31]} 57. Rb7 {[%clk 0:00:08]} Bh6
{[%clk 0:00:31]} 58. Bb3 {[%clk 0:00:09]} Rg5+ {[%clk 0:00:32]} 59. Kf3
{[%clk 0:00:09]} Rf5+ {[%clk 0:00:34]} 60. Kg4 {[%clk 0:00:11]} Rf6
{[%clk 0:00:35]} 61. Bd5 {[%clk 0:00:10]} Be3 {[%clk 0:00:35]} 62. Bb3
{[%clk 0:00:10]} Bc5 {[%clk 0:00:36]} 63. Rc7 {[%clk 0:00:10]} Bd6
{[%clk 0:00:36]} 64. Rb7 {[%clk 0:00:11]} Bf8 {[%clk 0:00:37]} 65. Kg5
{[%clk 0:00:10]} Rf1 {[%clk 0:00:38]} 66. Kg4 {[%clk 0:00:11]} Rf2
{[%clk 0:00:38]} 67. Kg3 {[%clk 0:00:11]} Rf6 {[%clk 0:00:39]} 68. Kg4
{[%clk 0:00:13]} Bc5 {[%clk 0:00:36]} 69. Bd5 {[%clk 0:00:12]} Be3
{[%clk 0:00:37]} 70. Bb3 {[%clk 0:00:13]} Bh6 {[%clk 0:00:38]} 71. Kg3
{[%clk 0:00:14]} g5 {[%clk 0:00:38]} 72. Bd5 {[%clk 0:00:08]} Rf4
{[%clk 0:00:39]} 73. Bb3 {[%clk 0:00:06]} Kg6 {[%clk 0:00:39]} 74. Rb6+
{[%clk 0:00:07]} Kg7 {[%clk 0:00:36]} 75. Rb7 {[%clk 0:00:08]} Rf6
{[%clk 0:00:36]} 76. Kg4 {[%clk 0:00:09]} Rf2 {[%clk 0:00:36]} 77. Kg3
{[%clk 0:00:10]} Rf4 {[%clk 0:00:36]} 78. Ba2 {[%clk 0:00:05]} Kg8
{[%clk 0:00:38]} 79. Bb3 {[%clk 0:00:06]} Bf8 {[%clk 0:00:39]} 80. Rb5
{[%clk 0:00:06]} Be7 {[%clk 0:00:40]} 81. Re5 {[%clk 0:00:04]} Bf6
{[%clk 0:00:39]} 82. Rb5 {[%clk 0:00:04]} Kg7 {[%clk 0:00:39]} 83. Rb7
{[%clk 0:00:05]} Be5 {[%clk 0:00:40]} 84. Kg2 {[%clk 0:00:06]} Kg6
{[%clk 0:00:39]} 85. Bc2+ {[%clk 0:00:06]} f5 {[%clk 0:00:39]} 86. Rb6+
{[%clk 0:00:05]} Bf6 {[%clk 0:00:40]} 87. Rb5 {[%clk 0:00:05]} g4
{[%clk 0:00:40]} 88. Rxf5 {[%clk 0:00:03]} Rxf5 {[%clk 0:00:41]} 89. Kg3
{[%clk 0:00:04]} Kg5 {[%clk 0:00:42]} 90. Bxf5 {[%clk 0:00:04]} Kxf5
{[%clk 0:00:44]} 0-1

[Event "Blitz 2018"]
[Site "Saint-Petersburg"]
[Date "2018.12.29"]
[Round "4"]
[Board "82"]
[White "Anisimov Pavel (RUS)"]
[Black "Fakhrutdinov Timur (RUS)"]
[Result "1-0"]
[LiveChessVersion "1.4.8"]
[BlackElo "2357"]
[WhiteElo "2519"]

1. d4 {[%clk 0:03:02]} Nf6 {[%clk 0:03:04]} 2. Nf3 {[%clk 0:03:03]} d5
{[%clk 0:03:05]} 3. Bf4 {[%clk 0:03:04]} c5 {[%clk 0:03:06]} 4. e3
{[%clk 0:03:05]} Nc6 {[%clk 0:03:05]} 5. Nbd2 {[%clk 0:03:06]} Qb6
{[%clk 0:03:05]} 6. dxc5 {[%clk 0:02:28]} Qxb2 {[%clk 0:03:06]} 7. Rb1
{[%clk 0:02:18]} Qc3 {[%clk 0:03:06]} 8. Bb5 {[%clk 0:02:08]} e6 {[%clk 0:02:52]}
9. O-O {[%clk 0:02:01]} Be7 {[%clk 0:02:41]} 10. Nb3 {[%clk 0:01:54]} Nd7
{[%clk 0:02:14]} 11. Nfd4 {[%clk 0:01:40]} e5 {[%clk 0:00:47]} 12. Nxc6
{[%clk 0:01:41]} bxc6 {[%clk 0:00:48]} 13. Bxc6 {[%clk 0:01:41]} Rb8
{[%clk 0:00:50]} 14. Bg3 {[%clk 0:01:26]} O-O {[%clk 0:00:11]} 15. Qxd5
{[%clk 0:01:27]} Rd8 {[%clk 0:00:10]} 16. Bxd7 {[%clk 0:01:17]} Rxd7
{[%clk 0:00:10]} 17. Qxe5 {[%clk 0:01:16]} Qxe5 {[%clk 0:00:10]} 18. Bxe5
{[%clk 0:01:18]} Rb4 {[%clk 0:00:09]} 19. Rfd1 {[%clk 0:01:15]} f6
{[%clk 0:00:07]} 20. Bd6 {[%clk 0:01:03]} Kf7 {[%clk 0:00:06]} 21. Bxe7
{[%clk 0:01:03]} Kxe7 {[%clk 0:00:06]} 22. Rd4 {[%clk 0:01:03]} Rdxd4
{[%clk 0:00:06]} 23. exd4 {[%clk 0:01:04]} Rc4 {[%clk 0:00:05]} 24. Rc1
{[%clk 0:01:02]} Be6 {[%clk 0:00:05]} 25. Kf1 {[%clk 0:00:55]} Ra4
{[%clk 0:00:06]} 26. Ke2 {[%clk 0:00:47]} Rxa2 {[%clk 0:00:06]} 27. Nd2
{[%clk 0:00:41]} a5 {[%clk 0:00:04]} 28. c4 {[%clk 0:00:41]} a4 {[%clk 0:00:04]}
29. Kd3 {[%clk 0:00:32]} Ra3+ {[%clk 0:00:04]} 30. Kc2 {[%clk 0:00:31]} Bf5+
{[%clk 0:00:05]} 31. Kb2 {[%clk 0:00:30]} Rd3 {[%clk 0:00:06]} 32. Nf3
{[%clk 0:00:30]} Bg4 {[%clk 0:00:05]} 33. Re1+ {[%clk 0:00:30]} Kd8
{[%clk 0:00:06]} 34. Re3 {[%clk 0:00:31]} Rd1 {[%clk 0:00:06]} 35. d5
{[%clk 0:00:29]} Rf1 {[%clk 0:00:04]} 36. Re2 {[%clk 0:00:29]} Rd1
{[%clk 0:00:04]} 37. Ka3 {[%clk 0:00:27]} Rc1 {[%clk 0:00:04]} 38. Kxa4
{[%clk 0:00:27]} Rxc4+ {[%clk 0:00:04]} 39. Kb5 {[%clk 0:00:28]} Rf4
{[%clk 0:00:04]} 40. Re3 {[%clk 0:00:27]} h5 {[%clk 0:00:04]} 41. c6
{[%clk 0:00:27]} Rf5 {[%clk 0:00:04]} 42. Kc5 {[%clk 0:00:28]} h4
{[%clk 0:00:04]} 43. Nxh4 {[%clk 0:00:26]} Rxf2 {[%clk 0:00:05]} 44. Ra3
{[%clk 0:00:25]} g5 {[%clk 0:00:04]} 45. Kd6 {[%clk 0:00:24]} gxh4
{[%clk 0:00:04]} 46. Ra8+ {[%clk 0:00:25]} Bc8 {[%clk 0:00:05]} 47. c7+
{[%clk 0:00:26]} 1-0

[Event "Blitz 2018"]
[Site "Saint-Petersburg"]
[Date "2018.12.29"]
[Round "4"]
[Board "83"]
[White "Makoveev Ilya (RUS)"]
[Black "Belozerov Andrei (RUS)"]
[Result "0-1"]
[LiveChessVersion "1.4.8"]
[BlackElo "2518"]
[WhiteElo "2243"]

1. Nf3 {[%clk 0:03:02]} d5 {[%clk 0:03:03]} 2. g3 {[%clk 0:03:02]} Bg4
{[%clk 0:03:03]} 3. Bg2 {[%clk 0:03:03]} Nd7 {[%clk 0:03:05]} 4. O-O
{[%clk 0:03:00]} Ngf6 {[%clk 0:03:05]} 5. d3 {[%clk 0:02:54]} c6 {[%clk 0:03:04]}
6. Nbd2 {[%clk 0:02:54]} e5 {[%clk 0:03:05]} 7. e4 {[%clk 0:02:45]} Bd6
{[%clk 0:03:05]} 8. h3 Bh5 9. Qe2 {[%clk 0:02:16]} O-O {[%clk 0:03:05]} 10. c3
{[%clk 0:02:17]} Re8 {[%clk 0:03:04]} 11. Rd1 {[%clk 0:02:17]} Qc7
{[%clk 0:03:02]} 12. g4 {[%clk 0:01:56]} Bg6 {[%clk 0:03:03]} 13. Nh4
{[%clk 0:01:57]} Nf8 {[%clk 0:02:44]} 14. Nf5 {[%clk 0:01:57]} Ne6
{[%clk 0:02:34]} 15. Nf3 {[%clk 0:01:55]} dxe4 {[%clk 0:02:23]} 16. dxe4
{[%clk 0:01:56]} Bf8 {[%clk 0:02:20]} 17. Bg5 {[%clk 0:01:03]} Nxg5
{[%clk 0:02:15]} 18. Nxg5 {[%clk 0:01:04]} Nd7 {[%clk 0:02:09]} 19. h4
{[%clk 0:01:01]} h6 {[%clk 0:02:01]} 20. Nf3 {[%clk 0:00:56]} Nc5
{[%clk 0:02:00]} 21. Ne1 {[%clk 0:00:33]} Ne6 {[%clk 0:01:58]} 22. Nd3
{[%clk 0:00:34]} f6 {[%clk 0:01:52]} 23. Qf3 {[%clk 0:00:35]} Bf7
{[%clk 0:01:50]} 24. Rd2 {[%clk 0:00:32]} Rad8 25. Rad1 a5 {[%clk 0:01:43]} 26.
Kh2 {[%clk 0:00:31]} a4 {[%clk 0:01:09]} 27. Bh3 {[%clk 0:00:28]} b5
{[%clk 0:01:09]} 28. b3 {[%clk 0:00:25]} axb3 {[%clk 0:01:09]} 29. axb3
{[%clk 0:00:26]} g6 {[%clk 0:00:50]} 30. Ng3 {[%clk 0:00:24]} Nf4
{[%clk 0:00:45]} 31. Nxf4 {[%clk 0:00:21]} exf4 {[%clk 0:00:47]} 32. Ne2
{[%clk 0:00:22]} Bxb3 {[%clk 0:00:44]} 33. Rxd8 {[%clk 0:00:22]} Rxd8
{[%clk 0:00:45]} 34. Rxd8 {[%clk 0:00:23]} Qxd8 {[%clk 0:00:46]} 35. Nxf4
{[%clk 0:00:23]} Bd6 {[%clk 0:00:38]} 36. Kg2 {[%clk 0:00:24]} Bf7
{[%clk 0:00:38]} 37. Ne2 {[%clk 0:00:15]} c5 {[%clk 0:00:36]} 38. Qe3
{[%clk 0:00:17]} Qe7 {[%clk 0:00:35]} 39. Kg1 {[%clk 0:00:12]} b4
{[%clk 0:00:35]} 40. cxb4 {[%clk 0:00:12]} cxb4 {[%clk 0:00:37]} 41. Bg2
{[%clk 0:00:12]} b3 {[%clk 0:00:36]} 42. Nc3 {[%clk 0:00:05]} Qe5
{[%clk 0:00:33]} 43. Qd3 {[%clk 0:00:03]} b2 {[%clk 0:00:30]} 44. Nb1
{[%clk 0:00:04]} Qc5 {[%clk 0:00:25]} 45. Bf1 {[%clk 0:00:05]} Be5
{[%clk 0:00:23]} 46. Kg2 {[%clk 0:00:06]} Kg7 {[%clk 0:00:23]} 47. Qd2
{[%clk 0:00:05]} Qc1 {[%clk 0:00:22]} 48. Qd3 {[%clk 0:00:05]} Qf4
{[%clk 0:00:21]} 49. Qc2 {[%clk 0:00:03]} Qxg4+ {[%clk 0:00:21]} 50. Kh1
{[%clk 0:00:03]} Qxh4+ {[%clk 0:00:22]} 51. Kg2 {[%clk 0:00:04]} Qg4+
{[%clk 0:00:22]} 52. Kh1 {[%clk 0:00:05]} Qf4 {[%clk 0:00:19]} 53. Kg2
{[%clk 0:00:05]} Be6 {[%clk 0:00:16]} 54. Qd3 {[%clk 0:00:03]} h5
{[%clk 0:00:14]} 0-1

[Event "Blitz 2018"]
[Site "Saint-Petersburg"]
[Date "2018.12.29"]
[Round "4"]
[Board "84"]
[White "Yeritsyan Aram (RUS)"]
[Black "Seliverstov Vladimir (RUS)"]
[Result "0-1"]
[LiveChessVersion "1.4.8"]
[BlackElo "2512"]
[WhiteElo "2191"]

1. e4 {[%clk 0:03:03]} g6 {[%clk 0:01:23]} 2. d4 {[%clk 0:03:04]} Bg7
{[%clk 0:01:24]} 3. Nc3 {[%clk 0:03:06]} d6 {[%clk 0:01:26]} 4. Be2
{[%clk 0:03:07]} a6 {[%clk 0:01:27]} 5. h4 {[%clk 0:03:03]} h5 {[%clk 0:01:28]}
6. Nf3 {[%clk 0:03:03]} b5 {[%clk 0:01:29]} 7. Ng5 {[%clk 0:02:38]} Bb7
{[%clk 0:01:29]} 8. f3 {[%clk 0:02:30]} Nd7 {[%clk 0:01:28]} 9. a4
{[%clk 0:02:28]} b4 {[%clk 0:01:29]} 10. Nd5 {[%clk 0:02:29]} Bxd5
{[%clk 0:01:30]} 11. exd5 {[%clk 0:02:30]} Ngf6 {[%clk 0:01:31]} 12. c4
{[%clk 0:02:03]} bxc3 {[%clk 0:01:32]} 13. bxc3 {[%clk 0:02:04]} Nxd5
{[%clk 0:01:33]} 14. Bc4 {[%clk 0:01:55]} c6 {[%clk 0:01:31]} 15. Bd2
{[%clk 0:01:52]} O-O {[%clk 0:01:30]} 16. a5 {[%clk 0:01:48]} e5 {[%clk 0:01:27]}
17. dxe5 {[%clk 0:01:43]} Nxe5 {[%clk 0:01:28]} 18. Bxd5 {[%clk 0:01:42]} cxd5
{[%clk 0:01:26]} 19. O-O {[%clk 0:01:36]} Qc7 {[%clk 0:01:26]} 20. Nh3
{[%clk 0:01:32]} Qc4 {[%clk 0:01:17]} 21. Ra4 {[%clk 0:01:30]} Qc5+
{[%clk 0:01:19]} 22. Kh1 {[%clk 0:01:29]} Nc4 {[%clk 0:01:20]} 23. Nf4
{[%clk 0:01:14]} Nb2 {[%clk 0:01:19]} 24. Qc2 {[%clk 0:01:08]} Nxa4
{[%clk 0:01:20]} 25. Qxa4 {[%clk 0:01:09]} Qc4 {[%clk 0:01:18]} 26. Qd1
{[%clk 0:01:04]} Rab8 {[%clk 0:01:12]} 27. Re1 {[%clk 0:01:01]} Rfe8
{[%clk 0:01:13]} 28. Re3 {[%clk 0:00:41]} Be5 {[%clk 0:01:07]} 29. Nd3
{[%clk 0:00:39]} Qxh4+ {[%clk 0:01:07]} 30. Kg1 {[%clk 0:00:39]} Qh2+
{[%clk 0:01:09]} 31. Kf2 {[%clk 0:00:37]} Bg3+ {[%clk 0:01:09]} 0-1

[Event "Blitz 2018"]
[Site "Saint-Petersburg"]
[Date "2018.12.29"]
[Round "4"]
[Board "85"]
[White "Carlsson Pontus (SWE)"]
[Black "Khayat Abdullah F (KSA)"]
[Result "1-0"]
[LiveChessVersion "1.4.8"]
[BlackElo "1709"]
[WhiteElo "2511"]

1. e4 {[%clk 0:03:03]} d5 {[%clk 0:03:01]} 2. exd5 {[%clk 0:03:04]} Nf6
{[%clk 0:03:02]} 3. Bb5+ {[%clk 0:03:06]} c6 {[%clk 0:02:59]} 4. dxc6
{[%clk 0:03:06]} Nxc6 {[%clk 0:02:57]} 5. d4 {[%clk 0:02:58]} e6 {[%clk 0:02:46]}
6. Nf3 {[%clk 0:02:53]} Bd7 {[%clk 0:02:24]} 7. O-O {[%clk 0:02:50]} Bd6
{[%clk 0:02:21]} 8. Bg5 {[%clk 0:02:46]} O-O {[%clk 0:02:18]} 9. Bd3
{[%clk 0:02:40]} h6 {[%clk 0:02:15]} 10. Bh4 {[%clk 0:02:41]} Be7
{[%clk 0:02:09]} 11. c3 {[%clk 0:02:41]} Nd5 {[%clk 0:01:55]} 12. Bg3
{[%clk 0:02:38]} Nf6 {[%clk 0:01:33]} 13. h3 {[%clk 0:02:35]} Qb6
{[%clk 0:01:25]} 14. Qb3 {[%clk 0:02:23]} Qxb3 {[%clk 0:01:01]} 15. axb3
{[%clk 0:02:24]} a6 {[%clk 0:01:01]} 16. b4 {[%clk 0:02:24]} Nh5 {[%clk 0:00:42]}
17. Bh2 {[%clk 0:02:25]} Rfe8 {[%clk 0:00:22]} 18. Re1 {[%clk 0:02:25]} Bf8
{[%clk 0:00:21]} 19. Nbd2 {[%clk 0:02:26]} Ne7 {[%clk 0:00:18]} 20. Nc4
{[%clk 0:02:26]} Nf5 {[%clk 0:00:06]} 21. Nb6 {[%clk 0:02:26]} Rad8
{[%clk 0:00:05]} 22. Bc7 {[%clk 0:02:26]} Be7 {[%clk 0:00:04]} 23. Bxd8
{[%clk 0:02:26]} Rxd8 {[%clk 0:00:05]} 24. Bxf5 {[%clk 0:02:26]} exf5
{[%clk 0:00:04]} 25. Rxe7 {[%clk 0:02:26]} Bc6 {[%clk 0:00:04]} 26. Ne5
{[%clk 0:02:26]} f6 {[%clk 0:00:04]} 27. Nxc6 {[%clk 0:02:26]} bxc6
{[%clk 0:00:05]} 28. g3 {[%clk 0:02:26]} f4 {[%clk 0:00:05]} 29. g4
{[%clk 0:02:27]} 1-0

[Event "Blitz 2018"]
[Site "Saint-Petersburg"]
[Date "2018.12.29"]
[Round "4"]
[Board "86"]
[White "Alsulaymi Abdullah M (KSA)"]
[Black "Anikonov Dmitry (RUS)"]
[Result "0-1"]
[LiveChessVersion "1.4.8"]
[BlackElo "2511"]
[WhiteElo "1833"]

1. e4 {[%clk 0:01:25]} Nc6 {[%clk 0:03:01]} 2. d4 {[%clk 0:01:26]} d5
{[%clk 0:03:02]} 3. Nc3 {[%clk 0:01:25]} e6 {[%clk 0:03:03]} 4. Nf3
{[%clk 0:01:25]} Bb4 {[%clk 0:02:57]} 5. e5 {[%clk 0:01:15]} f6 {[%clk 0:02:57]}
6. Bd3 {[%clk 0:01:12]} fxe5 {[%clk 0:02:49]} 7. O-O {[%clk 0:00:40]} Bxc3
{[%clk 0:02:41]} 8. bxc3 {[%clk 0:00:41]} e4 {[%clk 0:02:42]} 9. Ng5
{[%clk 0:00:23]} exd3 {[%clk 0:02:40]} 10. Qxd3 {[%clk 0:00:23]} Nf6
{[%clk 0:02:40]} 11. Re1 {[%clk 0:00:20]} O-O {[%clk 0:02:37]} 12. Re3
{[%clk 0:00:20]} h6 {[%clk 0:02:28]} 13. Nf3 {[%clk 0:00:20]} Ne4
{[%clk 0:02:29]} 14. Ne5 {[%clk 0:00:17]} Nxe5 {[%clk 0:02:28]} 15. dxe5
{[%clk 0:00:18]} Qh4 {[%clk 0:02:10]} 16. g3 {[%clk 0:00:15]} Qh3
{[%clk 0:02:05]} 17. Ba3 {[%clk 0:00:07]} Rxf2 {[%clk 0:02:01]} 0-1

[Event "Blitz 2018"]
[Site "Saint-Petersburg"]
[Date "2018.12.29"]
[Round "4"]
[Board "87"]
[White "Zvjaginsev Vadim (RUS)"]
[Black "Gaifullin Artur (RUS)"]
[Result "1-0"]
[BlackElo "2231"]
[WhiteElo "2649"]
[LiveChessVersion "1.4.8"]

1. e4 {[%clk 0:03:03]} c6 {[%clk 0:03:04]} 2. Nc3 {[%clk 0:03:03]} d5
{[%clk 0:03:05]} 3. Qe2 {[%clk 0:03:04]} e6 {[%clk 0:02:56]} 4. g3
{[%clk 0:03:02]} Nf6 {[%clk 0:02:53]} 5. Bg2 {[%clk 0:03:00]} d4 {[%clk 0:02:46]}
6. Nb1 {[%clk 0:03:00]} c5 {[%clk 0:02:46]} 7. d3 {[%clk 0:02:57]} Nc6
{[%clk 0:02:47]} 8. f4 {[%clk 0:02:58]} h5 {[%clk 0:02:34]} 9. Nf3
{[%clk 0:02:57]} Qa5+ {[%clk 0:02:33]} 10. Nbd2 {[%clk 0:02:48]} Ng4
{[%clk 0:02:19]} 11. O-O {[%clk 0:02:43]} Qc7 {[%clk 0:02:18]} 12. Nb3
{[%clk 0:02:33]} Be7 {[%clk 0:01:48]} 13. h3 {[%clk 0:02:33]} Nf6
{[%clk 0:01:50]} 14. a4 {[%clk 0:02:28]} b6 {[%clk 0:01:50]} 15. Nbd2
{[%clk 0:02:28]} Bb7 {[%clk 0:01:51]} 16. Nc4 {[%clk 0:02:29]} a6
{[%clk 0:01:41]} 17. Bd2 {[%clk 0:02:15]} b5 {[%clk 0:01:32]} 18. Na3
{[%clk 0:02:10]} Qb6 {[%clk 0:01:28]} 19. Rfe1 {[%clk 0:01:54]} Nd7
{[%clk 0:01:22]} 20. e5 {[%clk 0:01:51]} c4 {[%clk 0:01:13]} 21. Kh2
{[%clk 0:01:48]} Nc5 {[%clk 0:00:58]} 22. axb5 {[%clk 0:01:43]} axb5 23. dxc4
{[%clk 0:01:43]} b4 {[%clk 0:00:32]} 24. Nb5 {[%clk 0:01:44]} Rxa1
{[%clk 0:00:33]} 25. Rxa1 {[%clk 0:01:45]} h4 {[%clk 0:00:34]} 26. g4
{[%clk 0:01:43]} O-O {[%clk 0:00:28]} 27. Ne1 {[%clk 0:01:27]} Na5
{[%clk 0:00:15]} 28. Bxb7 {[%clk 0:01:24]} Ncxb7 {[%clk 0:00:16]} 29. b3
{[%clk 0:01:22]} Nc6 {[%clk 0:00:16]} 30. Nd3 {[%clk 0:01:23]} Nc5
{[%clk 0:00:17]} 31. Be1 {[%clk 0:01:12]} f6 {[%clk 0:00:13]} 32. exf6
{[%clk 0:01:11]} Rxf6 {[%clk 0:00:13]} 33. Bxh4 {[%clk 0:01:11]} Rf7
{[%clk 0:00:14]} 34. Bxe7 {[%clk 0:01:06]} Rxe7 {[%clk 0:00:15]} 35. Ra8+
{[%clk 0:01:04]} Kf7 {[%clk 0:00:13]} 36. Nd6+ {[%clk 0:01:00]} Kg6
{[%clk 0:00:10]} 37. Nxc5 {[%clk 0:00:58]} Qxc5 {[%clk 0:00:06]} 38. Qe4+
{[%clk 0:00:59]} Kh6 {[%clk 0:00:00]} 39. Rh8# 1-0